|
|
|
|
| LEADER |
00000nam a22000007a 4500 |
| 005 |
20220920001355.0 |
| 007 |
cr|||| |||| |
| 008 |
220920s2022 es |||||s|||| 00||0 spa d |
| 020 |
|
|
|a 978-84-1122-297-6
|
| 035 |
|
|
|a 37085
|
| 040 |
|
|
|a vLex
|
| 090 |
|
|
|c 13957
|d 13957
|
| 100 |
1 |
|
|a Urrutia Badiola, Andrš M®
|
| 245 |
1 |
0 |
|a Diez notarios vascos
|h [Recurso electrn̤ico] /
|c Andrš M® Urrutia Badiola
|
| 256 |
|
|
|a Servicio en ln̕ea
|
| 260 |
|
|
|a Madrid:
|b Dykinson,
|c 2022
|
| 300 |
|
|
|a 1 recurso electrn̤ico
|
| 500 |
|
|
|a La coleccin̤ MINOR Bilduma nace para publicar textos escritos por diferentes operadores jurd̕icos del Pas̕ Vasco, sea mediante la agrupacin̤ en volm︢enes especf̕icos, sea mediante la edicin̤ de monografa̕s sobre temas concretos. En esta ln̕ea, la Academia Vasca de Derecho (AVD-ZEA), el Colegio Notarial del Pas̕ Vasco y la editorial Dykinson han aunado esfuerzos para, de forma g̀il y manejable, dar la merecida visibilidad a textos de calado y utilidad jurd̕ica, tanto en castellano como en euskera.
|
| 506 |
1 |
|
|a Disponible solo en los productos indicados
|d vLex Global
|d vLex Global (Academic Edition, excluding Law Schools)
|d vLex Global (U.S. Academic Edition, Law Schools)
|d vLex Global (U.S. Academic Edition, excluding Law Schools)
|d vLex Global (Academic Edition, Law Schools)
|
| 650 |
0 |
4 |
|a Derecho Civil
|z Espaą
|
| 740 |
0 |
|
|a vLex Libros (Servicio en ln̕ea)
|
| 856 |
4 |
0 |
|u https://app.vlex.com/#/sources/37085
|z Acceso restringido
|
| 942 |
|
|
|c BOOK
|
| 999 |
0 |
|
|a Civil Law
|